Financial Management and Policy

Guardado en:
Detalles Bibliográficos
Autor principal: Van Horne, James C.
Formato: Libro
Lenguaje:inglés
Publicado: Englewood Cliffs Prentice Hall 1974
Edición:3. ed.
Materias:
Etiquetas: Agregar Etiqueta
Sin Etiquetas, Sea el primero en etiquetar este registro!

MARC

LEADER 00000nam a2200000 4500
001 c012118
005 20221207074558.6
020 |a 0-13-315374-6 
041 0 |a eng 
044 |a US 
245 1 0 |a Financial Management and Policy  |c James C. Van Horne 
250 |a 3. ed. 
264 1 |a Englewood Cliffs  |b Prentice Hall  |c 1974 
300 |a 750 s. 
610 2 0 |a manažment finančný 
610 2 0 |a financie podnikové 
610 2 0 |a investovanie 
610 2 0 |a aktíva 
610 2 0 |a dividendy 
610 2 0 |a likvidita 
100 1 |a Van Horne, James C.